ACTRESSES BY ROLES - Statistics

General Stats
  • This quiz has been taken 137 times
    114 since last reset
  • The average score is 13 of 25
Answer Stats
Hint Answer % Correct
Erin Brockovich, Vivian Ward, Beatrice Ocean Julia Roberts
95%
Holly Golightly, Princess Anne, Eliza Doolittle Audrey Hepburn
76%
Katherine Hepburn, Queen Elizabeth I, Galadriel Cate Blanchett
76%
Cleopatra, Velvet Brown, Pearl Slaghoople Elizabeth Taylor
76%
Catwoman, Letitia Musgrove, Jinx Johnson Halle Berry
75%
Black Widow, Lucy, Olivia Wenscombe Scarlett Johansson
75%
Fantine, Catwoman, Andrea Sachs Anne Hathaway
73%
Clarice Starling, Iris, Annabell Andrews Jodie Foster
69%
Tracy Lord, Rose Sayer, Ethel Thayer Katharine Hepburn
63%
Ellen Ripley, Dana Barrett, Dian Fossey Sigourney Weaver
62%
Yentl, Dolly Levi, Rozalin Focker Barbra Streisand
59%
M, Philomena Lee, Evelyn Greenslade Judi Dench
59%
Juno MacGuff, Kitty Pryde, Bliss Cavendar Ellen Page
53%
Joy Mangano, Rosalyn Rosenfeld, Mystique Jennifer Lawrence
53%
Neytiri, Gamora, Uhura Zoe Saldana
49%
Barbarella, Kimberly Wells, Judy Bernly Jane Fonda
48%
Annie Wilkes, Molly Brown, Evelyn Couch Kathy Bates
42%
Catherine Tramell, Ginger McKenna, Lori Quaid Sharon Stone
41%
Joan Crawford, Bonnie Parker, Diana Christensen Faye Dunaway
40%
Ilsa Lund, Alicia Huberman, Sister Mary Benedict Ingrid Bergman
34%
Aibileen Clark, Amanda Waller, Susie Brown Viola Davis
34%
Maggie Fitzgerald, Brandon Teena, Mary Bee Cuddy Hillary Swank
25%
Lydia Deetz, Susanna Kaysen, Veronica Sawyer Winona Ryder
24%
Aurora Greenway, Ouiser Boudreaux, Sister Sara Shirley MacLaine
19%
Lucy Diamond Dawson, Rachel Ferrier, Cherie Currie Dakota Fanning
18%
No matching quizzes found
Score Distribution
Percent of People with Each Score
Percentile by Number Answered
Your Score History
You have not taken this quiz since the last reset